Revisión de la teoría de la demanda (Registro nro. 6561)
[ vista simple ]
| 000 -LEADER | |
|---|---|
| fixed length control field | 01232 a2200205 4500 |
| 001 - CONTROL NUMBER | |
| control field | 59008 |
| 005 - DATE AND TIME OF LATEST TRANSACTION | |
| control field | 20260407155844.0 |
| 008 - FIXED-LENGTH DATA ELEMENTS--GENERAL INFORMATION | |
| fixed length control field | 260407a1976 arg spa d |
| 003 - CONTROL NUMBER IDENTIFIER | |
| control field | AR-UNSa-BCEJYS |
| 040 ## - CATALOGING SOURCE | |
| Original cataloging agency | AR-UNSa-BCEJYS |
| Language of cataloging | spa |
| Transcribing agency | AR-UNSa-BCEJYS |
| 080 ## - UNIVERSAL DECIMAL CLASSIFICATION NUMBER | |
| Universal Decimal Classification number | 339.13 |
| Common auxiliary subdivision | Mercado en general. Análisis de mercado. Oferta y demanda. Competencia |
| 041 ## - LANGUAGE CODE | |
| Language code of text/sound track or separate title | spa |
| 100 1# - MAIN ENTRY--PERSONAL NAME | |
| Personal name | Levy, Alberto R. |
| 245 10 - TITLE STATEMENT | |
| Title | Revisión de la teoría de la demanda |
| 264 #1 - PRODUCTION, PUBLICATION, DISTRIBUTION, MANUFACTURE, AND COPYRIGHT NOTICE | |
| Place of production, publication, distribution, manufacture | Buenos Aires : |
| Name of producer, publisher, distributor, manufacturer | Ediciones Macchi |
| Date of production, publication, distribution, manufacture, or copyright notice | 1976 |
| 300 ## - PHYSICAL DESCRIPTION | |
| Extent | 50 p. |
| Dimensions | 23 cm. |
| 505 ## - FORMATTED CONTENTS NOTE | |
| Formatted contents note | 1. Relación sistema empresa - sistema consumidor – 2. Objetivo del beneficio máximo – 3. Enfoque de la orientación del mercado – 4. Criterio de optimización – 5. Competencia multidimensional – 6. Modelo simplificado - hipótesis de trabajo – 7. Relación oferta – demanda – 8. Demanda primaria potencial – 9. Tipo de búsqueda primaria – 10. Presión logística de todas las marcas – 11. La unidad perceptual – 12. Ventajas diferenciales – 13. La unidad perceptual optima – 14. Presión estratégica de una marca – 15. Índice de invulnerabilidad – 16. Motivación – aceptación - lealtad |
| 590 ## - LOCAL NOTE (RLIN) | |
| Local note | niveau_biblio:m niveau_hierar:0 |
| 942 ## - ADDED ENTRY ELEMENTS (KOHA) | |
| Koha item type | |
| Withdrawn status | Lost status | Damaged status | Not for loan | Home library | Current library | Shelving location | Date acquired | Total checkouts | Full call number | Barcode | Date last seen | Price effective from | Koha item type |
|---|---|---|---|---|---|---|---|---|---|---|---|---|---|
| Biblioteca Prof. Eusebio Cleto del Rey | Biblioteca Prof. Eusebio Cleto del Rey | 07/04/2026 | 339.13 L668 | L13326 | 07/04/2026 | 07/04/2026 | Libro |